00667nam a2200157Ia 4500008004100000040001800041041000800059100003400067245017100101260004300272300001800315650003100333650005900364651005700423700002900480130821s1974 ag gr spa  aCo-BoUCMbspa aspa1 aFernández Vásquez, Emilio10aProcedimiento administrativo nacional decreto ley 19549 de 1979 y reglamento aprobado por decreto 1759 de 1972cEmilio Fernández Vásquez; Emilio Marcelino Sendin aBuenos Aires (Argentina)bAstreac1974 a202 páginas04aAdministración pública04aProcedimiento administrativoxLegislaciónzArgentina aArgentinaxAdministración públicaxLegislación1 aSendin, Emilio Marcelino